| 000 | 00648nam a22002297a 4500 | ||
|---|---|---|---|
| 003 | OSt | ||
| 005 | 20140310181923.0 | ||
| 008 | 130719t xxu||||| |||| 00| 0 eng d | ||
| 020 | _a9780077193928 | ||
| 050 |
_aPE 1128 _b.M153 2008 |
||
| 082 |
_aTR 808.042 _bM19 2008 |
||
| 100 |
_aMackay, Susannah _91964 |
||
| 245 |
_aExcellent English 1 : _bLanguage skills for success / _cSusannah Mackay. |
||
| 260 |
_aNew York : _bMcGraw-Hill, _cc2008. |
||
| 300 |
_a222 p. : _c27 cm. |
||
| 500 | _aw/ audio CD | ||
| 521 | _aFaculty | ||
| 541 | _j1 | ||
| 562 | _e1 | ||
| 650 |
_aEnglish language _xGrammar. _91965 |
||
| 942 |
_2lcc _cBK-TR _kTR |
||
| 999 |
_c7074 _d7074 |
||